| 000 | nam a22 4500 | ||
|---|---|---|---|
| 999 |
_c29507 _d29507 |
||
| 008 | 180109b xxu||||| |||| 00| 0 eng d | ||
| 020 | _a8122408818 | ||
| 020 | _a9788122408812 | ||
| 050 | _aTK 7871.6 .C43 1996 | ||
| 100 | _aChatterjee, Rajeswari. | ||
| 245 |
_aAntenna : _btheory and practice / |
||
| 250 | _a2nd ed. | ||
| 260 |
_aNew Delhi : _bNew Age International Limited Publishers, _c1996. |
||
| 300 |
_ax, 381. : _bill. ; _c24 cm. |
||
| 504 | _aIncludes index. | ||
| 650 | _aAntennas (Electronics). | ||
| 942 |
_2lcc _cBOOKS _hTK 7871.6 .C43 1996 _02 |
||